Stranger Things Cast Names - Statistics

General Stats
  • This quiz has been taken 1,082 times
  • The average score is 13 of 18
Answer Stats
Role Name Surname % Correct
Eleven Millie Bobby Brown
100%
Will Byers Noah Schnapp
99%
Mike Wheeler Finn Wolfhard
98%
Max Sadie Sink
97%
Dustin Henderson Gaten Matarazzo
93%
Steve Harrington Joe Keery
91%
Joyce Byers Winona Ryder
90%
Jim Hopper David Harbour
89%
Lucas Caleb McLaughlin
86%
Robin Buckley Maya Hawk
83%
Jonathan Charlie Heaton
80%
Billy Hargrove Dacre Montgomery
69%
Bob Newby Sean Astin
60%
Karen Cara Buono
57%
Erica Sinclair Priah Ferguson
53%
Barbara Shannon Purser
35%
Dr. Owens Paul Reiser
31%
Alexei Alec Utgoff
18%
No matching quizzes found
Score Distribution
Percent of People with Each Score
Percentile by Number Answered
Your Score History
You have not taken this quiz